• 首页
  • 本馆介绍
  • 公告通知
  • 最新文献
  • 馆藏检索
  • 电子资源
  • 读者导购
  • 参考咨询
  • 我的图书馆
  • 登录
  • 详细信息显示
  • 放入我的书架
  • 预约/预借图书
  • 作者相关作品
  • 分类相关作品
  • 丛书相关作品
  • 出版社相关作品

书目信息

  • 表格格式
  • 工作单格式
  • 卡片格式
题名:
理想与现实——英国工党与公有制
    
 
作者: 刘成 著
分册:  
出版信息: 南京   江苏人民出版社  2003
页数: 272页
开本: 20cm
丛书名: 当代资本主义研究丛书
单 册:
中图分类: D756.1
科图分类:
主题词: 公有制 , 政治
电子资源:
ISBN: 7-214-03374-7
000 00959oam2 2200289 450
001 1233225219
005 20121005091550.68
010    @a7-214-03374-7@dCNY14.00
100    @a20030805d2003 em y0chiy50 ea
101 0  @achi
102    @aCN@b320000
105    @ay---z---000yy
106    @ar
200 1  @a理想与现实——英国工党与公有制@f刘成著@Ali xiang yu xian shi — — ying guo gong dang yu gong you zhi
210    @a南京@c江苏人民出版社@d2003
215    @a272页@d20cm
225 2  @a当代资本主义研究丛书
330    @a本书系统阐述了公有制思想及其初次实践,修正主义思潮对公有制的影响,科学革命公有制,扩大公有制的战略,公有制条款的终结等内容。
461  0 @1001012001042880
601 02 @a英国工党
601 02 @a英国工党@x公有制@x研究
606 0  @a公有制
606 0  @a政治
690    @aD756.1@v4
701  0 @a刘成@c(世界史)@4著@Aliu cheng
801  0 @aCN@b大连网信软件有限公司图书馆·11@c20121005
905    @a10447@dD756.1@eJY48
    
    理想与现实——英国工党与公有制/刘成著.-南京:江苏人民出版社,2003
    272页;20cm .-(当代资本主义研究丛书 )
    
    
    ISBN 7-214-03374-7:CNY14.00
    本书系统阐述了公有制思想及其初次实践,修正主义思潮对公有制的影响,科学革命公有制,扩大公有制的战略,公有制条款的终结等内容。
●
相关链接 在E读中查询图书 在五车中查询图书 在当当中查询图书 在豆瓣中查询图书


正题名:理想与现实——英国工党与公有制     索取号:D756.1/JY48         预约/预借

序号 登录号 条形码 馆藏地/架位号 状态 备注
1 7812496   278124968   学院路分馆/ [索取号:D756.1/JY48] 在馆    
2 7812497   278124977   学院路分馆/ [索取号:D756.1/JY48] 在馆    
唐山师范学院图书馆 欢迎您!
大连网信软件有限公司© 版权所有